000 00588nam a2200229Ia 4500
003 OSt
005 20221123143432.0
008 210423s2017 xx 000 0 und d
020 _a978-0-521-72947-5
040 _cAL
041 _aeng
082 _a660.6 RATB
100 _aRATLEDGE (Colin);KRISTIANSEN (Bjorn)
_963422
245 _aBasic biotechnology Ed 3
250 _a3
260 _aDelhi
_bCambridge University Press
_c2017
300 _axvii,666
_bPB
365 _b895
_cINR
650 _aBiotechnology
_963423
906 _aBasic ; biotechnology ; Ed
942 _2ddc
_cBK
999 _c168171
_d168171